000 00303nam a22001337a 4500
008 181106b xxu||||| |||| 00| 0 eng d
020 _a893130729
041 _aeng
080 _a610
100 _a4
101 _aSHM
245 _aVitamins and Minerals Help or Harm?
_cMarshall,Ch.W
942 _2udc
_cBK
999 _c52004
_d52004